Philosophieren (Record no. 124798)
[ view plain ]
| 000 -LEADER | |
|---|---|
| fixed length control field | 00346nam a22001217a 4500 |
| 008 - FIXED-LENGTH DATA ELEMENTS--GENERAL INFORMATION | |
| fixed length control field | 160519b xxu||||| |||| 00| 0 eng d |
| 050 ## - LIBRARY OF CONGRESS CALL NUMBER | |
| Classification number | BS23.T49 |
| 100 ## - MAIN ENTRY--PERSONAL NAME | |
| Personal name | Anleitung, Eine |
| 9 (RLIN) | 24392 |
| 245 ## - TITLE STATEMENT | |
| Title | Philosophieren |
| Statement of responsibility, etc | / by Eine Anleitung |
| 260 ## - PUBLICATION, DISTRIBUTION, ETC. (IMPRINT) | |
| Place of publication, distribution, etc | Paulusverlag |
| Name of publisher, distributor, etc | Freiburg in Der Schweiz |
| Date of publication, distribution, etc | 1947 |
| 300 ## - PHYSICAL DESCRIPTION | |
| Extent | 100p. |
| Other physical details | 20cm. |
| 942 ## - ADDED ENTRY ELEMENTS (KOHA) | |
| Source of classification or shelving scheme | Library of Congress Classification |
| Item type | Monograph ( Printed materials) |
| Withdrawn status | Lost status | Source of classification or shelving scheme | Damaged status | Not for loan | Home library | Current library | Date acquired | Total Checkouts | Full call number | Barcode | Date last seen | Price effective from | Koha item type |
|---|---|---|---|---|---|---|---|---|---|---|---|---|---|
| Library of Congress Classification | ARRUPE LIBRARY | ARRUPE LIBRARY | 19/05/2016 | BS23.T49 | 46500007421 | 02/09/2016 | 19/05/2016 | Monograph ( Printed materials) |